000 00760nas a2200265 4500
001 BR9901587
003 BR-BrBNA
005 20231205101326.0
007 ta
008 230509b bl.|||p| |||| 00| 00por d
040 _aBR-BrBNA
_bpor
_cBiblioteca Nacional de Agricultura
041 _a(Pt)
072 _aL74
100 1 _aSchossler, D.R.
100 1 _aSchossler, J.E.
245 1 _aAtresia anal e fistula retovaginal em gato - relato de um caso
650 _aGato
650 _aAnus
650 _aDisturbio Genetico
650 _aReto
650 _aMortalidade Animal
773 0 _tRevista da Universidade de Alfenas (Brazil)
_x
_g(Jan-Dec 1992), v. 1(3) p. 89-91
_wBR9901587
909 _a202311
_bLúcia
_c55
_dLúcia Elande
942 _2AGRIS
_n0
_cANA
999 _c161137
_d161137